Biodiesel Production Feedstocks and Methods / (Record no. 565743)
[ view plain ]
| 000 -LEADER | |
|---|---|
| fixed length control field | 00387nam a2200133Ia 4500 |
| 008 - FIXED-LENGTH DATA ELEMENTS--GENERAL INFORMATION | |
| fixed length control field | 210430s9999 xx 000 0 und d |
| 020 ## - INTERNATIONAL STANDARD BOOK NUMBER | |
| International Standard Book Number | 978-1632400796 |
| 082 ## - DEWEY DECIMAL CLASSIFICATION NUMBER | |
| Classification number | 662.669 M298B |
| 100 ## - MAIN ENTRY--PERSONAL NAME | |
| Personal name | Marcel, Kurt |
| 9 (RLIN) | 54855 |
| 245 ## - TITLE STATEMENT | |
| Title | Biodiesel Production Feedstocks and Methods / |
| Statement of responsibility, etc. | Marcel, Kurt |
| 260 ## - PUBLICATION, DISTRIBUTION, ETC. | |
| Place of publication, distribution, etc. | New Jersey. |
| Name of publisher, distributor, etc. | Lanrye International. |
| Date of publication, distribution, etc. | 2015 |
| 300 ## - PHYSICAL DESCRIPTION | |
| Extent | 236p. |
| 942 ## - ADDED ENTRY ELEMENTS (KOHA) | |
| Koha item type | Reference |
| Source of classification or shelving scheme | |
| Withdrawn status | Lost status | Source of classification or shelving scheme | Damaged status | Not for loan | Permanent Location | Current Location | Shelving location | Date acquired | Total Checkouts | Full call number | Barcode | Date last seen | Date last checked out | Price effective from | Koha item type |
|---|---|---|---|---|---|---|---|---|---|---|---|---|---|---|---|
| School of Chemical & Materials Engineering (SCME) | School of Chemical & Materials Engineering (SCME) | Reference | 1 | 662.669 M298B | SCME-4692 | 02/18/2026 | 02/03/2026 | 04/30/2021 | Book |
